000 01253nam1a22002891i 4500
001 RU\INGAK2\INFOCOMM_322\NLR\5000174353
005 20240726235842.0
035 _a(NLR Aleph) 011041098
090 _a11153765
_c11153765
100 _a20130213d1955 |||y0rusy50 ba
101 1 _aeng
_crus
102 _aRU
105 _ay z||||
200 1 _aThe road to life
_e(An epic of education)
_eIn 3 p.
_f[Pref. by prof. Y. Medinsky, Member of the Acad. of ped. sciences of the RSFSR
_gTransl. from the Russ. by I. and T. Litvinov]
205 _a2nd ed.
210 _aM.
_cForeign languages publ. house
_d1955
215 _a3 т.
_d17 см
225 1 _aLibrary of selected Soviet literature
300 _aЗагл. оригинала: Педагогическая поэма
454 0 _12001#$aПедагогическая поэма
_1700#1$aМакаренко$bА. С.$gАнтон Семенович$f1888-1939$4070
_tПедагогическая поэма
_aМакаренко, Антон Семенович (1888-1939)
620 _aМосква
686 _aЛх259(анг.)2
_2rubbk
700 1 _aMakarenko
_bA. S.
_f1888-1939
_gAnton Semenovič
801 1 _aRU
_bInfoComm
_c20130213
801 0 _aRU
_bNLR
_gPSBO
852 _aNLR
_jЛ31 Г-1/189
942 _cBOOK